000 00436nam a2200157Ia 4500
003 GCL
008 140319s9999 xx 000 0 ara d
040 _aGCL /
_cGCL
082 0 4 _a220
_bن م
245 1 0 _aمفهوم النص: دراسة فى علوم القران
490 _aدراسات ادبية
_v0
650 0 4 _aالقران
650 0 4 _aالتراث والعلم
650 0 4 _aالقران - تفاسير
942 _2ddc
_cBK
999 _c47290
_d47290